000 00673nam a2200265Ia 4500
005 20260121171717.0
008 008 260114s9999 xx 000 0 eng d
020 _a9789811518423
037 _aEBOOK
040 _aCRL
040 _beng
040 _cCRL
041 _2eng
041 _aeng
084 _qCRL
100 _aXin-She Yang, Yu-Xin Zhao
_91079552
245 0 _aNature-Inspired Computation in Navigation and Routing Problems
260 _bSpringer
260 _bSpringer
260 _c2020
856 _uhttps://link.springer.com/openurl?genre=book&isbn=978-981-15-1842-3
942 _cEBOOK
999 _c1645284
_d1645284